| 000 | 00538nam a2200181 i 4500 | ||
|---|---|---|---|
| 001 | 133672 | ||
| 003 | ES-MaACL | ||
| 005 | 20230906194509.0 | ||
| 007 | t| | ||
| 008 | 070824s1961 sp ||||1| spa d | ||
| 080 | _a85-4"19" | ||
| 100 | 1 |
_aMalaparte, Curzio. _975687 |
|
| 245 | 1 | 3 |
_aEl inglés en el paraíso / _cCurzio Malaparte [seud.] ; [versión española de Domingo Pruna]. |
| 260 |
_aBuenos Aires : _bPlaza & Janés, _c[1961] |
||
| 300 |
_a263 p. ; _c19 cm. |
||
| 700 | 1 |
_aPruna, Domingo. _994081 |
|
| 852 |
_aES-MaACL _jC-20141 |
||
| 999 |
_c133672 _d133672 |
||